Office Organisation (Record no. 6323)

MARC details
005 - DATE AND TIME OF LATEST TRANSACTION
control field 20250629123037.0
020 ## - INTERNATIONAL STANDARD BOOK NUMBER
International Standard Book Number 81-261-1031-7
082 ## - DEWEY DECIMAL CLASSIFICATION NUMBER
Classification number 651 KUM
100 ## - MAIN ENTRY--PERSONAL NAME
Author name KUMAR,N.
245 ## - TITLE STATEMENT
Title Office Organisation
260 ## - PUBLICATION, DISTRIBUTION, ETC.
Place of publication, distribution, etc. New Delhi,
Name of publisher, distributor, etc. ANMOL Publications PVT. LTD.,
Date of publication, distribution, etc. 2002.
300 ## - PHYSICAL DESCRIPTION
Extent ix,333p.:ill.;figures
Other physical details Appendix
Dimensions 22cm
700 ## - ADDED ENTRY--PERSONAL NAME
Other authors/Editors Mital,R.
942 ## - ADDED ENTRY ELEMENTS (KOHA)
Source of classification or shelving scheme Dewey Decimal Classification
Koha item type Books
Holdings
Date last seen Total checkouts Full call number Barcode Cost, replacement price Price effective from Koha item type Lost status Source of classification or shelving scheme Damaged status Not for loan Withdrawn status Home library Current library Shelving location Date acquired Source of acquisition Cost, normal purchase price
06/29/2025   651 KUM MZA0002860 45000.00 06/29/2025 Books   Dewey Decimal Classification       CBE Mwanza CBE Mwanza Special Reserve Collection 06/15/2021 Library Budget 15000.00